000 00963nam a2200277 a 4500
001 BRCA_3874
005 20190320204446.0
008 201209m19451946mx-#######---#000-0#spa-#
041 _aspa
044 _amx
050 4 _aCD3677.M4
_b.M55 1945
100 1 _aMillares Carlo, Agustin
_d1893-1978
_910084
245 1 0 _aÍndice y extractos de los protocolos del Archivo de Notarías de México, D.F.
_cA. Millares Carlo y J. I. Mantecon.
260 _aMéxico
_bEl Colegio de México
_c1945-1946
300 _a2 v.
_c24 cm.
500 _aC34
505 0 _aContenido: v.1. (1524-1528). -- v.2. (1536-1538) y (1551-1553)
610 2 4 _aArchivo de Notarías de México
_eProtocolos
_910085
650 1 4 _aArchivos
_zMéxico
_91302
650 1 4 _aNotarias
_zMéxico
_910086
651 4 _aMéxico
_xHistoria
_9614
651 4 _aMéxico
_xArchivo de Notarias
_910087
700 1 _aMantecon Navasal, José Ignacio
_d1902-
_eCoautor
_910088
902 _aGFM
942 _2lcc
_cB
999 _c3602
_d3602